Statistiques concernant Les pays d'Afrique les plus méridionaux

Cliquez ici pour prendre le quiz!

Statistiques générales

  • Ce quiz a été pris 2,380 fois
  • Le résultat moyen est 9 sur 10

Statistiques - réponses

Latitude Pays % Correct
46°59'SAfrique du Sud
99%
30°40'SLesotho
95%
28°58'SNamibie
92%
22°25'SZimbabwe
90%
28°19'SEswatini
90%
26°52'SMozambique
89%
25°37'SMadagascar
89%
18°05'SZambie
87%
26°54'SBotswana
87%
20°32'SÎle Maurice
70%

Distribution des résultats

Percentile by Number Answered

% des personnes avec chaque résultat

Votre développement - résultats

Vous n’avez pas pris ce quiz